[Event "DVM U20w 2020"]
[Site "Willingen GER"]
[Date "2021.06.24"]
[Round "2"]
[White "Mundt, Alexandra"]
[Black "Ulrich, Helena Irene"]
[Result "1-0"]
[Termination "normal"]
[Board "4.1"]
[WhiteElo "1768"]
[BlackElo "1586"]
[WhiteClock "00:27:38"]
[BlackClock "00:00:54"]
[WhiteTeam "SK Doppelbauer Kiel"]
[BlackTeam "SC Borussia Lichtenberg 1"]
[PlyCount "59"]
[WhiteFideId "16217276"]
[BlackFideId "16256000"]
[EventCountry "GER"]
[EventRounds "7"]
[EventType "team-swiss"]
[EventDate "2021.06.23"]

1. e4 {[%clk 01:30:55]  [%emt 00:00:04]} 1... c5 { [%clk 01:30:56]  [%emt
00:00:04]} 2. Nf3 {[%clk 01:31:20]  [%emt 00:00:05]} 2... Nc6 {[%clk 01:31:20] 
[%emt 00:00:06]} 3. d4 { [%clk 01:31:42]  [%emt 00:00:08]} 3... cxd4 {[%clk
01:31:45]  [%emt 00:00:04]} 4. Nxd4 {[%clk 01:32:07]  [%emt 00:00:06]} 4... Nf6
{ [%clk 01:32:08]  [%emt 00:00:06]} 5. Nc3 {[%clk 01:32:24]  [%emt 00:00:14]}
5... e5 {[%clk 01:32:29]  [%emt 00:00:08]} 6. Nb3 { [%clk 01:31:24]  [%emt
00:01:30]} 6... d6 {[%clk 01:32:01]  [%emt 00:00:59]} 7. Be2 {[%clk 01:31:20] 
[%emt 00:00:32]} 7... Be6 { [%clk 01:31:40]  [%emt 00:00:51]} 8. Be3 {[%clk
01:31:15]  [%emt 00:00:37]} 8... Be7 {[%clk 01:31:17]  [%emt 00:00:52]} 9. f3 {
[%clk 01:31:32]  [%emt 00:00:13]} 9... a6 {[%clk 01:27:00]  [%emt 00:04:47]}
10. Qd2 {[%clk 01:28:14]  [%emt 00:03:47]} 10... O-O { [%clk 01:26:52]  [%emt
00:00:39]} 11. O-O {[%clk 01:25:42]  [%emt 00:03:02]} 11... Qc7 {[%clk
01:26:04]  [%emt 00:01:18]} 12. Nd5 { [%clk 01:23:19]  [%emt 00:02:53]} 12...
Bxd5 {[%clk 01:21:08]  [%emt 00:05:25]} 13. exd5 {[%clk 01:23:36]  [%emt
00:00:14]} 13... Nb8 { [%clk 01:06:28]  [%emt 00:15:10]} 14. Rac1 {[%clk
01:22:53]  [%emt 00:01:13]} 14... Nbd7 {[%clk 01:04:46]  [%emt 00:02:13]} 15.
c4 { [%clk 01:18:07]  [%emt 00:05:15]} 15... b6 {[%clk 00:58:56]  [%emt
00:06:20]} 16. Bd3 {[%clk 01:10:27]  [%emt 00:08:10]} 16... Qb7 { [%clk
00:37:30]  [%emt 00:21:55]} 17. Be4 {[%clk 01:02:07]  [%emt 00:08:51]} 17...
Nc5 {[%clk 00:33:09]  [%emt 00:04:50]} 18. Nxc5 { [%clk 00:58:54]  [%emt
00:03:43]} 18... bxc5 {[%clk 00:33:23]  [%emt 00:00:16]} 19. Qc2 {[%clk
00:57:18]  [%emt 00:02:07]} 19... Rfe8 { [%clk 00:27:43]  [%emt 00:06:10]} 20.
Rce1 {[%clk 00:50:13]  [%emt 00:07:34]} 20... g6 {[%clk 00:22:53]  [%emt
00:05:20]} 21. b3 { [%clk 00:49:13]  [%emt 00:01:31]} 21... Nd7 {[%emt
00:02:59]} 22. f4 { [%clk 00:49:06]  [%emt 00:00:36]} 22... Bf6 {[%clk
00:09:15]  [%emt 00:11:40]} 23. f5 {[%clk 00:41:08]  [%emt 00:08:28]} 23... Bg7
{ [%clk 00:09:10]  [%emt 00:00:35]} 24. Rf3 {[%clk 00:40:32]  [%emt 00:01:06]}
24... Nf6 {[%clk 00:05:27]  [%emt 00:04:13]} 25. Ref1 { [%clk 00:38:27]  [%emt
00:02:35]} 25... Rf8 {[%clk 00:05:27]  [%emt 00:00:30]} 26. Rh3 {[%clk
00:34:24]  [%emt 00:04:32]} 26... Qe7 { [%clk 00:04:07]  [%emt 00:01:50]} 27.
Bg5 {[%clk 00:32:13]  [%emt 00:02:42]} 27... a5 {[%clk 00:01:25]  [%emt
00:03:12]} 28. Qc1 { [%clk 00:27:02]  [%emt 00:05:41]} 28... Rfe8 {[%clk
00:00:43]  [%emt 00:01:12]} 29. Bxf6 {[%clk 00:27:14]  [%emt 00:00:18]} 29...
Bxf6 { [%clk 00:00:54]  [%emt 00:00:19]} 30. Qh6 {[%clk 00:27:38]  [%emt
00:00:06]} 1-0

[Event "DVM U20w 2020"]
[Site "Willingen GER"]
[Date "2021.06.24"]
[Round "2"]
[White "Berghold, Lotta"]
[Black "Rempe, Mieke"]
[Result "1/2-1/2"]
[Termination "normal"]
[Board "4.2"]
[WhiteElo "1387"]
[BlackElo "1669"]
[WhiteClock "00:03:26"]
[BlackClock "00:09:08"]
[WhiteTeam "SC Borussia Lichtenberg 1"]
[BlackTeam "SK Doppelbauer Kiel"]
[PlyCount "59"]
[WhiteFideId "16243463"]
[BlackFideId "16202384"]
[EventCountry "GER"]
[EventRounds "7"]
[EventType "team-swiss"]
[EventDate "2021.06.23"]

1. b3 {[%clk 01:30:55]  [%emt 00:00:03]} 1... d5 { [%clk 01:30:11]  [%emt
00:00:49]} 2. Bb2 {[%clk 01:31:20]  [%emt 00:00:05]} 2... e6 {[%clk 01:30:14] 
[%emt 00:00:28]} 3. e3 { [%clk 01:31:34]  [%emt 00:00:16]} 3... Nf6 {[%clk
01:30:32]  [%emt 00:00:12]} 4. f4 {[%clk 01:31:35]  [%emt 00:00:29]} 4... Bc5 {
[%clk 01:27:58]  [%emt 00:03:03]} 5. Nf3 {[%clk 01:30:26]  [%emt 00:01:40]}
5... Nbd7 {[%clk 01:26:42]  [%emt 00:01:46]} 6. Be2 { [%clk 01:30:32]  [%emt
00:00:24]} 6... b6 {[%clk 01:23:56]  [%emt 00:03:16]} 7. O-O {[%clk 01:29:09] 
[%emt 00:01:52]} 7... Bb7 { [%clk 01:23:19]  [%emt 00:01:08]} 8. Nc3 {[%clk
01:20:51]  [%emt 00:08:48]} 8... a6 {[%clk 01:22:14]  [%emt 00:01:35]} 9. Qe1 {
[%clk 01:17:33]  [%emt 00:03:48]} 9... Nf8 {[%clk 01:13:32]  [%emt 00:09:11]}
10. Nd1 {[%clk 01:12:01]  [%emt 00:06:03]} 10... Ng6 { [%clk 01:11:45]  [%emt
00:02:17]} 11. Nf2 {[%clk 01:04:38]  [%emt 00:07:54]} 11... O-O {[%clk
01:09:20]  [%emt 00:02:53]} 12. Nd3 { [%clk 01:01:20]  [%emt 00:03:49]} 12...
Bd6 {[%clk 01:05:49]  [%emt 00:04:02]} 13. Nde5 {[%clk 01:01:09]  [%emt
00:00:39]} 13... Nd7 { [%clk 00:59:06]  [%emt 00:07:13]} 14. Qg3 {[%clk
00:55:36]  [%emt 00:06:03]} 14... c5 {[%clk 00:49:26]  [%emt 00:10:11]} 15.
Nxd7 { [%clk 00:46:50]  [%emt 00:09:15]} 15... Qxd7 {[%clk 00:48:58]  [%emt
00:00:57]} 16. h4 {[%clk 00:46:40]  [%emt 00:00:40]} 16... f6 { [%clk 00:35:41]
 [%emt 00:13:48]} 17. h5 {[%clk 00:35:20]  [%emt 00:11:51]} 17... Ne7 {[%clk
00:35:58]  [%emt 00:00:12]} 18. Nh4 { [%clk 00:29:55]  [%emt 00:05:55]} 18...
Qc7 {[%clk 00:18:57]  [%emt 00:17:31]} 19. Qh3 {[%clk 00:23:55]  [%emt
00:06:31]} 19... Bc8 { [%clk 00:18:14]  [%emt 00:01:12]} 20. Bg4 {[%clk
00:22:43]  [%emt 00:01:42]} 20... f5 {[%clk 00:16:39]  [%emt 00:02:05]} 21. Be2
{ [%clk 00:22:26]  [%emt 00:00:48]} 21... d4 {[%clk 00:15:34]  [%emt 00:01:34]}
22. exd4 {[%clk 00:14:09]  [%emt 00:08:47]} 22... cxd4 { [%clk 00:12:34]  [%emt
00:03:30]} 23. Bxd4 {[%clk 00:12:50]  [%emt 00:01:49]} 23... Bxf4 {[%clk
00:12:38]  [%emt 00:00:26]} 24. Qc3 { [%clk 00:10:51]  [%emt 00:02:30]} 24...
Qxc3 {[%clk 00:11:33]  [%emt 00:01:36]} 25. Bxc3 {[%clk 00:09:34]  [%emt
00:01:46]} 25... Bg5 { [%clk 00:11:24]  [%emt 00:00:38]} 26. Nf3 {[%clk
00:09:39]  [%emt 00:00:25]} 26... Bf6 {[%clk 00:11:46]  [%emt 00:00:08]} 27.
Rfe1 { [%clk 00:05:20]  [%emt 00:04:49]} 27... Bxc3 {[%clk 00:11:53]  [%emt
00:00:23]} 28. dxc3 {[%clk 00:05:47]  [%emt 00:00:03]} 28... Nd5 { [%clk
00:11:16]  [%emt 00:01:07]} 29. Bc4 {[%clk 00:04:18]  [%emt 00:02:00]} 29...
Nf4 {[%clk 00:09:08]  [%emt 00:02:38]} 30. Nd4 { [%clk 00:03:26]  [%emt
00:01:21]} 1/2-1/2

[Event "DVM U20w 2020"]
[Site "Willingen GER"]
[Date "2021.06.24"]
[Round "2"]
[White "Rempe, Janne"]
[Black "Hafermann, Lara"]
[Result "1/2-1/2"]
[Termination "normal"]
[Board "4.3"]
[WhiteElo "1513"]
[BlackElo "1323"]
[WhiteClock "00:12:22"]
[BlackClock "00:07:00"]
[WhiteTeam "SK Doppelbauer Kiel"]
[BlackTeam "SC Borussia Lichtenberg 1"]
[PlyCount "51"]
[WhiteFideId "16202392"]
[BlackFideId "16298306"]
[EventCountry "GER"]
[EventRounds "7"]
[EventType "team-swiss"]
[EventDate "2021.06.23"]

1. d4 {[%clk 01:30:49]  [%emt 00:00:10]} 1... d5 { [%clk 01:30:48]  [%emt
00:00:13]} 2. Nf3 {[%clk 01:30:37]  [%emt 00:00:41]} 2... e6 {[%clk 01:30:45] 
[%emt 00:00:34]} 3. Bf4 { [%clk 01:30:31]  [%emt 00:00:36]} 3... Nf6 {[%clk
01:31:00]  [%emt 00:00:16]} 4. e3 {[%clk 01:30:17]  [%emt 00:00:43]} 4... c5 {
[%clk 01:30:36]  [%emt 00:00:54]} 5. c3 {[%clk 01:29:21]  [%emt 00:01:26]} 5...
Bd6 {[%clk 01:30:40]  [%emt 00:00:26]} 6. Ne5 {[%clk 01:28:29]  [%emt 00:01:23]
} 6... O-O {[%clk 01:29:00]  [%emt 00:02:09]} 7. Nd2 { [%clk 01:27:04]  [%emt
00:01:54]} 7... Nc6 {[%clk 01:24:13]  [%emt 00:05:18]} 8. Ndf3 {[%clk 01:25:28]
 [%emt 00:02:06]} 8... Ne4 { [%clk 01:21:50]  [%emt 00:02:53]} 9. Bd3 {[%clk
01:24:27]  [%emt 00:01:30]} 9... Re8 {[%clk 01:17:29]  [%emt 00:04:52]} 10.
Bxe4 { [%clk 01:20:30]  [%emt 00:04:27]} 10... dxe4 {[%clk 01:17:26]  [%emt
00:00:34]} 11. Ng5 {[%clk 01:16:03]  [%emt 00:04:56]} 11... Bxe5 { [%clk
01:13:04]  [%emt 00:04:52]} 12. Qh5 {[%clk 01:07:51]  [%emt 00:08:42]} 12...
Bxf4 {[%clk 01:05:04]  [%emt 00:08:31]} 13. Qxf7+ { [%clk 01:05:51]  [%emt
00:02:29]} 13... Kh8 {[%clk 01:04:35]  [%emt 00:00:59]} 14. Qxf4 {[%clk
01:00:32]  [%emt 00:05:49]} 14... Qf6 { [%clk 01:01:35]  [%emt 00:03:31]} 15.
Qh4 {[%clk 00:57:32]  [%emt 00:03:29]} 15... h6 {[%clk 01:00:39]  [%emt
00:01:27]} 16. Qh5 { [%clk 00:56:19]  [%emt 00:01:42]} 16... Qe7 {[%clk
00:50:02]  [%emt 00:11:07]} 17. dxc5 {[%clk 00:41:17]  [%emt 00:15:32]} 17...
Ne5 { [%clk 00:41:10]  [%emt 00:09:22]} 18. Nxe4 {[%clk 00:36:21]  [%emt
00:05:26]} 18... Nd3+ {[%clk 00:38:29]  [%emt 00:03:12]} 19. Ke2 { [%clk
00:35:02]  [%emt 00:01:48]} 19... Nxb2 {[%clk 00:38:31]  [%emt 00:00:28]} 20.
Rab1 {[%clk 00:29:50]  [%emt 00:05:41]} 20... Nc4 { [%clk 00:38:22]  [%emt
00:00:40]} 21. Rb4 {[%clk 00:27:23]  [%emt 00:02:57]} 21... Na5 {[%clk
00:33:36]  [%emt 00:05:15]} 22. Nd6 { [%clk 00:22:37]  [%emt 00:05:16]} 22...
Rf8 {[%clk 00:28:17]  [%emt 00:05:49]} 23. h4 {[%clk 00:19:39]  [%emt
00:03:29]} 23... Nc6 { [%clk 00:18:02]  [%emt 00:10:45]} 24. Re4 {[%clk
00:18:29]  [%emt 00:01:39]} 24... b6 {[%clk 00:15:57]  [%emt 00:02:35]} 25. Rh3
{ [%clk 00:14:39]  [%emt 00:04:21]} 25... Ba6+ {[%clk 00:07:00]  [%emt
00:09:27]} 26. Ke1 {[%clk 00:12:22]  [%emt 00:02:46]} 1/2-1/2

[Event "DVM U20w 2020"]
[Site "Willingen GER"]
[Date "2021.06.24"]
[Round "2"]
[White "de Veer, Mara"]
[Black "Doll, Rebecca"]
[Result "0-1"]
[Termination "normal"]
[Board "5.1"]
[WhiteElo "1445"]
[BlackElo "1762"]
[WhiteClock "00:03:40"]
[BlackClock "00:04:01"]
[WhiteTeam "SC Borussia Lichtenberg 2"]
[BlackTeam "OSG Baden-Baden"]
[PlyCount "72"]
[WhiteFideId "16217349"]
[BlackFideId "16236890"]
[EventCountry "GER"]
[EventRounds "7"]
[EventType "team-swiss"]
[EventDate "2021.06.23"]

1. e4 {[%clk 01:30:55]  [%emt 00:00:03]} 1... e5 { [%clk 01:30:56]  [%emt
00:00:03]} 2. Nf3 {[%clk 01:31:22]  [%emt 00:00:05]} 2... Nc6 {[%clk 01:31:11] 
[%emt 00:00:14]} 3. Bc4 { [%clk 01:31:44]  [%emt 00:00:08]} 3... Bc5 {[%clk
01:31:29]  [%emt 00:00:11]} 4. d3 {[%clk 01:32:03]  [%emt 00:00:11]} 4... Nf6 {
[%clk 01:31:17]  [%emt 00:00:43]} 5. Bb3 {[%clk 01:32:21]  [%emt 00:00:11]}
5... d6 {[%clk 01:31:05]  [%emt 00:00:44]} 6. c3 { [%clk 01:32:26]  [%emt
00:00:24]} 6... a6 {[%clk 01:31:06]  [%emt 00:00:29]} 7. Nbd2 {[%clk 01:31:55] 
[%emt 00:01:01]} 7... O-O { [%clk 01:30:51]  [%emt 00:00:46]} 8. h3 {[%clk
01:29:37]  [%emt 00:02:48]} 8... Be6 {[%clk 01:30:48]  [%emt 00:00:31]} 9. Bc2
{[%clk 01:29:32]  [%emt 00:00:36] } 9... Qd7 {[%clk 01:28:15]  [%emt 00:03:03]}
10. Nf1 { [%clk 01:29:03]  [%emt 00:00:59]} 10... Ba7 {[%clk 01:28:33]  [%emt
00:00:12]} 11. Ng3 {[%clk 01:29:16]  [%emt 00:00:17]} 11... d5 { [%clk
01:27:20]  [%emt 00:01:44]} 12. O-O {[%clk 01:23:41]  [%emt 00:06:04]} 12... h6
{[%clk 01:19:29]  [%emt 00:08:22]} 13. Re1 { [%clk 01:20:59]  [%emt 00:03:10]}
13... Rfe8 {[%clk 01:17:55]  [%emt 00:02:05]} 14. a3 {[%clk 01:16:02]  [%emt
00:05:27]} 14... Rad8 { [%clk 01:15:30]  [%emt 00:02:55]} 15. b4 {[%clk
01:07:26]  [%emt 00:09:06]} 15... b5 {[%clk 01:09:09]  [%emt 00:06:51]} 16. Bb2
{ [%clk 00:59:48]  [%emt 00:08:08]} 16... dxe4 {[%clk 01:05:09]  [%emt
00:04:30]} 17. dxe4 {[%clk 00:58:10]  [%emt 00:02:08]} 17... Bxh3 {[%emt
00:01:42]} 18. Qxd7 {[%clk 00:55:17]  [%emt 00:03:21]} 18... Bxd7 { [%clk
01:04:23]  [%emt 00:00:06]} 19. Bb3 {[%clk 00:52:23]  [%emt 00:03:22]} 19...
Be6 {[%clk 01:04:20]  [%emt 00:00:35]} 20. Bxe6 { [%clk 00:52:26]  [%emt
00:00:28]} 20... Rxe6 {[%clk 01:04:30]  [%emt 00:00:19]} 21. Rac1 {[%clk
00:50:30]  [%emt 00:02:25]} 21... Ng4 { [%clk 01:02:07]  [%emt 00:02:54]} 22.
Nh1 {[%clk 00:48:52]  [%emt 00:02:08]} 22... Rd3 {[%clk 00:49:57]  [%emt
00:12:39]} 23. Kf1 { [%clk 00:35:21]  [%emt 00:14:01]} 23... a5 {[%clk
00:43:17]  [%emt 00:07:10]} 24. Ke2 {[%clk 00:31:20]  [%emt 00:04:32]} 24...
Red6 { [%clk 00:41:08]  [%emt 00:02:37]} 25. Rf1 {[%clk 00:15:38]  [%emt
00:16:13]} 25... axb4 {[%clk 00:29:35]  [%emt 00:12:03]} 26. axb4 { [%clk
00:14:38]  [%emt 00:01:30]} 26... Rd8 {[%clk 00:23:01]  [%emt 00:07:04]} 27.
Rb1 {[%clk 00:10:52]  [%emt 00:04:16]} 27... R3d7 { [%clk 00:23:06]  [%emt
00:00:26]} 28. Rfc1 {[%clk 00:09:33]  [%emt 00:01:48]} 28... Ne7 {[%clk
00:15:57]  [%emt 00:07:40]} 29. c4 { [%clk 00:08:42]  [%emt 00:01:21]} 29...
Ng6 {[%clk 00:10:30]  [%emt 00:05:57]} 30. cxb5 {[%clk 00:08:02]  [%emt
00:01:10]} 30... Bb6 { [%clk 00:09:38]  [%emt 00:01:22]} 31. Kf1 {[%clk
00:06:47]  [%emt 00:01:43]} 31... Ra8 {[%clk 00:06:24]  [%emt 00:03:46]} 32.
Kg1 { [%clk 00:05:12]  [%emt 00:02:04]} 32... Ra2 {[%clk 00:04:28]  [%emt
00:02:27]} 33. Rf1 {[%clk 00:05:03]  [%emt 00:00:39]} 33... Nf4 { [%clk
00:04:13]  [%emt 00:00:45]} 34. Rfe1 {[%clk 00:04:25]  [%emt 00:01:07]} 34...
Nd3 {[%clk 00:03:57]  [%emt 00:00:47]} 35. Red1 { [%clk 00:04:20]  [%emt
00:00:35]} 35... Rd6 {[%clk 00:03:58]  [%emt 00:00:29]} 36. Rd2 {[%clk
00:03:40]  [%emt 00:01:09]} 36... Nxb2 { [%clk 00:04:01]  [%emt 00:00:28]} 0-1

[Event "DVM U20w 2020"]
[Site "Willingen GER"]
[Date "2021.06.24"]
[Round "2"]
[White "Schneider, Katharina"]
[Black "Kampa, Lavinia"]
[Result "0-1"]
[Termination "normal"]
[Board "5.2"]
[WhiteElo "1744"]
[BlackElo "1436"]
[WhiteClock "00:14:35"]
[BlackClock "00:02:47"]
[WhiteTeam "OSG Baden-Baden"]
[BlackTeam "SC Borussia Lichtenberg 2"]
[PlyCount "120"]
[WhiteFideId "16200519"]
[BlackFideId "34606068"]
[EventCountry "GER"]
[EventRounds "7"]
[EventType "team-swiss"]
[EventDate "2021.06.23"]

1. e4 {[%clk 01:30:55]  [%emt 00:00:05]} 1... e5 { [%clk 01:30:57]  [%emt
00:00:04]} 2. Nf3 {[%clk 01:31:21]  [%emt 00:00:04]} 2... Nf6 {[%clk 01:31:22] 
[%emt 00:00:05]} 3. Nxe5 { [%clk 01:30:43]  [%emt 00:01:06]} 3... d6 {[%clk
01:31:34]  [%emt 00:00:19]} 4. Nf3 {[%clk 01:30:52]  [%emt 00:00:21]} 4... Nxe4
{ [%clk 01:31:48]  [%emt 00:00:17]} 5. d3 {[%clk 01:27:43]  [%emt 00:03:39]}
5... Nf6 {[%clk 01:32:00]  [%emt 00:00:18]} 6. Nc3 {[%clk 01:27:20]  [%emt
00:00:53] } 6... d5 {[%clk 01:30:24]  [%emt 00:02:06]} 7. Bg5 { [%clk 01:25:55]
 [%emt 00:01:54]} 7... Be7 {[%clk 01:28:53]  [%emt 00:02:02]} 8. Qd2 {[%clk
01:24:22]  [%emt 00:02:03]} 8... Nc6 { [%clk 01:27:57]  [%emt 00:01:24]} 9.
O-O-O {[%clk 01:22:19]  [%emt 00:02:35]} 9... Bg4 {[%clk 01:25:43]  [%emt
00:02:43]} 10. Re1 { [%clk 01:19:18]  [%emt 00:03:32]} 10... O-O {[%clk
01:23:49]  [%emt 00:02:23]} 11. Ne5 {[%clk 01:13:43]  [%emt 00:06:06]} 11...
Nxe5 { [%clk 01:20:03]  [%emt 00:04:16]} 12. Rxe5 {[%clk 01:14:08]  [%emt
00:00:04]} 12... Be6 {[%clk 01:18:20]  [%emt 00:02:12]} 13. f3 { [%clk
01:04:57]  [%emt 00:09:43]} 13... Qd6 {[%clk 01:14:29]  [%emt 00:04:14]} 14.
Bf4 {[%clk 01:02:16]  [%emt 00:03:17]} 14... Qc5 { [%clk 01:10:32]  [%emt
00:04:18]} 15. d4 {[%clk 01:01:37]  [%emt 00:01:19]} 15... Qa5 {[%clk 01:08:17]
 [%emt 00:02:34]} 16. h4 { [%clk 00:56:41]  [%emt 00:05:36]} 16... Bb4 {[%clk
01:04:45]  [%emt 00:04:01]} 17. Kb1 {[%clk 00:56:41]  [%emt 00:00:32]} 17... c5
{ [%clk 00:59:18]  [%emt 00:05:53]} 18. g4 {[%clk 00:49:24]  [%emt 00:07:51]}
18... cxd4 {[%clk 00:58:17]  [%emt 00:01:31]} 19. Qxd4 { [%clk 00:49:41]  [%emt
00:00:12]} 19... Rac8 {[%clk 00:57:54]  [%emt 00:00:36]} 20. Nb5 {[%clk
00:33:06]  [%emt 00:17:23]} 20... Bc5 { [%clk 00:52:11]  [%emt 00:06:10]} 21.
Qd3 {[%clk 00:29:46]  [%emt 00:03:53]} 21... a6 {[%clk 00:41:49]  [%emt
00:10:51]} 22. Nd4 { [%clk 00:29:13]  [%emt 00:01:03]} 22... Bd6 {[%clk
00:41:23]  [%emt 00:00:49]} 23. Bd2 {[%clk 00:28:14]  [%emt 00:01:36]} 23...
Qb6 { [%clk 00:39:32]  [%emt 00:02:19]} 24. Re1 {[%clk 00:27:10]  [%emt
00:01:34]} 24... Nd7 {[%clk 00:33:11]  [%emt 00:06:48]} 25. Nf5 { [%clk
00:22:15]  [%emt 00:05:30]} 25... Ne5 {[%clk 00:30:05]  [%emt 00:03:29]} 26.
Qe3 {[%clk 00:20:27]  [%emt 00:02:26]} 26... Qxe3 { [%clk 00:26:10]  [%emt
00:04:24]} 27. Rxe3 {[%clk 00:20:49]  [%emt 00:00:08]} 27... Bxf5 {[%clk
00:26:29]  [%emt 00:00:09]} 28. gxf5 { [%clk 00:21:12]  [%emt 00:00:09]} 28...
Nc4 {[%clk 00:25:34]  [%emt 00:01:21]} 29. Bxc4 {[%clk 00:21:39]  [%emt
00:00:07]} 29... dxc4 { [%clk 00:25:17]  [%emt 00:00:48]} 30. Re4 {[%clk
00:21:24]  [%emt 00:00:45]} 30... b5 {[%clk 00:24:49]  [%emt 00:00:54]} 31. Rg4
{ [%clk 00:21:38]  [%emt 00:00:18]} 31... Rcd8 {[%clk 00:24:11]  [%emt
00:01:10]} 32. Bh6 {[%clk 00:21:01]  [%emt 00:01:06]} 32... Be5 { [%clk
00:20:43]  [%emt 00:03:58]} 33. Bxg7 {[%clk 00:20:30]  [%emt 00:01:01]} 33...
Bxg7 {[%clk 00:20:53]  [%emt 00:00:20]} 34. Rhg1 { [%clk 00:20:20]  [%emt
00:00:40]} 34... Kh8 {[%clk 00:20:09]  [%emt 00:01:14]} 35. Rxg7 {[%clk
00:20:44]  [%emt 00:00:06]} 35... Rg8 { [%clk 00:19:27]  [%emt 00:01:13]} 36.
Rxg8+ {[%clk 00:16:49]  [%emt 00:04:25]} 36... Rxg8 {[%clk 00:19:49]  [%emt
00:00:08]} 37. Rg4 { [%clk 00:17:06]  [%emt 00:00:11]} 37... h5 {[%clk
00:18:18]  [%emt 00:02:01]} 38. Rxg8+ {[%clk 00:17:13]  [%emt 00:00:24]} 38...
Kxg8 {[%emt 00:00:08]} 39. Kc1 {[%clk 00:17:10]  [%emt 00:00:32]} 39... Kg7 {
[%clk 00:19:05]  [%emt 00:00:06]} 40. Kd2 {[%clk 00:17:36]  [%emt 00:00:04]}
40... Kf6 {[%clk 00:19:33]  [%emt 00:00:03]} 41. Ke3 { [%clk 00:18:00]  [%emt
00:00:06]} 41... Kxf5 {[%clk 00:17:45]  [%emt 00:02:18]} 42. c3 {[%clk
00:18:18]  [%emt 00:00:11]} 42... Ke5 { [%clk 00:16:45]  [%emt 00:01:30]} 43.
b4 {[%clk 00:16:27]  [%emt 00:02:22]} 43... f6 {[%clk 00:12:31]  [%emt
00:04:44]} 44. a3 { [%clk 00:16:50]  [%emt 00:00:07]} 44... f5 {[%clk 00:12:15]
 [%emt 00:00:45]} 45. f4+ {[%clk 00:17:08]  [%emt 00:00:12]} 45... Kd5 { [%clk
00:12:22]  [%emt 00:00:24]} 46. Kf3 {[%clk 00:17:30]  [%emt 00:00:07]} 46...
Ke6 {[%clk 00:12:31]  [%emt 00:00:22]} 47. Ke2 { [%clk 00:17:43]  [%emt
00:00:17]} 47... Kd5 {[%clk 00:12:53]  [%emt 00:00:08]} 48. Ke3 {[%clk
00:18:02]  [%emt 00:00:11]} 48... Ke6 { [%clk 00:12:48]  [%emt 00:00:34]} 49.
Kd4 {[%clk 00:18:22]  [%emt 00:00:10]} 49... Kd6 {[%clk 00:13:12]  [%emt
00:00:06]} 50. a4 { [%clk 00:10:34]  [%emt 00:08:18]} 50... bxa4 {[%clk
00:01:28]  [%emt 00:12:14]} 51. Kxc4 {[%clk 00:10:59]  [%emt 00:00:06]} 51...
Kc6 { [%clk 00:01:57]  [%emt 00:00:01]} 52. b5+ {[%clk 00:11:19]  [%emt
00:00:10]} 52... axb5+ {[%clk 00:02:16]  [%emt 00:00:12]} 53. Kb4 { [%clk
00:11:45]  [%emt 00:00:03]} 53... Kb6 {[%clk 00:02:32]  [%emt 00:00:11]} 54. c4
{[%clk 00:11:58]  [%emt 00:00:20]} 54... bxc4 { [%clk 00:02:14]  [%emt
00:00:48]} 55. Kxc4 {[%clk 00:12:24]  [%emt 00:00:04]} 55... a3 {[%clk
00:01:14]  [%emt 00:01:30]} 56. Kb3 { [%clk 00:12:50]  [%emt 00:00:03]} 56...
a2 {[%clk 00:01:34]  [%emt 00:00:10]} 57. Kxa2 {[%clk 00:13:18]  [%emt
00:00:03]} 57... Kc5 {[%emt 00:00:26]} 58. Kb2 {[%clk 00:13:43]  [%emt
00:00:03]} 58... Kd4 {[%clk 00:02:05]  [%emt 00:00:04]} 59. Kc2 {[%clk
00:14:09]  [%emt 00:00:04]} 59... Ke4 { [%clk 00:02:26]  [%emt 00:00:09]} 60.
Kd2 {[%clk 00:14:35]  [%emt 00:00:04]} 60... Kxf4 {[%clk 00:02:47]  [%emt
00:00:10]} 0-1